000 01536nam a2200265Ia 4500
999 _c41680
_d41680
001 8354
003 GE_BSU
005 20240320154140.0
008 181216s2013ge xx |||||||||||||| ||geo||
020 _a1512-214X
040 _cGE_BSU
041 _ageo
080 _a94(479.22) ს-18
245 _aსაისტორიო მაცნე XX :
_bშრომების კრებული /
_cმთ.რედ. შოთა მამულაძე, ტომის რედ. მერაბ მეგრელიშვილი
264 _aბათუმი :
_bშოთა რუსთაველის სახ. უნ–ტი,
_c2013
300 _a407 გვ .;
_c20 სმ.
653 _aსაისტორიო მაცნე
653 _aშრომების კრებული
653 _aისტორია
700 _aმამულაძე, შოთა
_eმთავარი რედაქტორი
_91483
700 _aმეგრელიშვილი, მერაბ
_eტომის რედაქტორი
_91818
710 _aბათუმის შოთა რუსთაველის სახელმწიფო უნივერსიტეტი
_913525
710 _aგანათლებისა და მეცნიერებათა ფაკულტეტი, ისტორიის, არქეოლოგიისა და ეთნოლოგიის დეპარტამენტი
_913526
942 _cSHR
_2udc